000 00892 a2200241 4500
005 20080826171246.0
008 080826t xxu||||| |||| 00| 0 eng d
010 _aENG-87234
020 _a8176299480
_c990.00
035 _aEN-70767
037 _bDBAD / PUB
082 _a368.0068
100 _aPal, Kamal
245 _aInsurance management
_cby Kamal Pal, B.S. Bodla and M.C. Garg
260 _aNew Delhi
_bDeep & Deep Publications
_c2007
270 _aF-159, Rajouri Garden
_bNew Delhi
_e110 027
300 _axix, 527p.
_c24cm (Hb )
500 _aIncludes bibliographical references and index
700 _aBodla, B.S.
700 _aGarg, M.C.
942 _adpl
_cEN
_k368.0068 / PAL
_2ddc
_h368.0068
_mPAL
999 _c6254
_d6254